| 000 | 00950cam a2200277 a 4500 | ||
|---|---|---|---|
| 001 | 634051 | ||
| 003 | OSt | ||
| 005 | 20180117090001.0 | ||
| 008 | 930521s1994 nyua 001 0 eng | ||
| 010 | _a 93014508 | ||
| 020 | _a0070562989 (acidfree paper) | ||
| 040 |
_aDLC _cDLC _dDLC |
||
| 050 | 0 | 0 |
_aHB171.5 _b.S292 1994 |
| 082 | 0 | 0 |
_a330 _220 |
| 100 | 1 |
_aSchiller, Bradley R., _d1943- |
|
| 245 | 1 | 4 |
_aThe economy today / _cBradley R. Schiller. |
| 250 | _a6th ed. | ||
| 260 |
_aNew York : _bMcGraw-Hill, _cc1994. |
||
| 300 |
_axxxix, 867 p. : _bill. (some col.) ; _c26 cm. |
||
| 500 | _aIncludes index. | ||
| 650 | 0 | _aEconomics. | |
| 906 |
_a7 _bcbc _corignew _d1 _eocip _f19 _gy-gencatlg |
||
| 942 |
_2ddc _cBK |
||
| 999 |
_c3234 _d3234 |
||